| 000 | 00566nam a2200193 a 4500 | ||
|---|---|---|---|
| 001 | 000010996 | ||
| 005 | 20240412074222.0 | ||
| 008 | 091013s1988 dr a 000 p spa d | ||
| 040 |
_aDO-SdBNP _bspa _cBNPHU |
||
| 082 |
_aRD861.44 _bU75p |
||
| 100 | 1 |
_aUreña, Dulce _926414 |
|
| 245 | 1 | 0 |
_aPreámbulo / _cDulce Ureña. |
| 260 |
_aSanto Domingo : _bLozano, _c1988. |
||
| 300 |
_a85 p. : _bil. ; _c21 cm. |
||
| 590 | _aInventariado, 2019/LP | ||
| 650 | 0 |
_aPoesía dominicana _966 |
|
| 650 | 0 |
_aLiteratura dominicana. _967 |
|
| 910 | _aValidado. Control de calidad BNPHU | ||
| 999 |
_c10734 _d10734 |
||